|
|
|
|
| LEADER |
00000cam a22000004a 4500 |
| 001 |
musev2_78884 |
| 003 |
MdBmJHUP |
| 005 |
20230905052132.0 |
| 006 |
m o d |
| 007 |
cr||||||||nn|n |
| 008 |
201107t20212021nyu o 00 0 eng d |
| 020 |
|
|
|a 9780823289486
|
| 020 |
|
|
|z 9780823289455
|
| 020 |
|
|
|z 9780823289462
|
| 035 |
|
|
|a (OCoLC)1204137996
|
| 040 |
|
|
|a MdBmJHUP
|c MdBmJHUP
|
| 100 |
1 |
|
|a Han, Clara,
|d 1975-
|e author.
|
| 245 |
1 |
0 |
|a Seeing Like a Child :
|b Inheriting the Korean War /
|c Clara Han.
|
| 264 |
|
1 |
|a New York :
|b Fordham University Press,
|c 2021.
|
| 264 |
|
3 |
|a Baltimore, Md. :
|b Project MUSE,
|c 2021
|
| 264 |
|
4 |
|c ©2021.
|
| 300 |
|
|
|a 1 online resource (208 pages).
|
| 336 |
|
|
|a text
|b txt
|2 rdacontent
|
| 337 |
|
|
|a computer
|b c
|2 rdamedia
|
| 338 |
|
|
|a online resource
|b cr
|2 rdacarrier
|
| 490 |
0 |
|
|a Thinking from elsewhere
|
| 520 |
|
|
|a An utterly original and illuminating work that meets at the crossroads of autobiography and ethnography to reexamine violence and memory through the eyes of a child.
|
| 588 |
|
|
|a Description based on print version record.
|
| 650 |
|
0 |
|a Koreans
|z United States.
|
| 650 |
|
0 |
|a Children and war.
|
| 650 |
|
0 |
|a Korean War, 1950-1953.
|
| 655 |
|
7 |
|a Electronic books.
|2 local
|
| 710 |
2 |
|
|a Project Muse.
|e distributor
|
| 830 |
|
0 |
|a Book collections on Project MUSE.
|
| 856 |
4 |
0 |
|z Texto completo
|u https://projectmuse.uam.elogim.com/book/78884/
|
| 945 |
|
|
|a Project MUSE - Custom Collection
|
| 945 |
|
|
|a Project MUSE - 2021 Complete
|
| 945 |
|
|
|a Project MUSE - 2021 Archaeology and Anthropology
|
| 945 |
|
|
|a Project MUSE - 2021 Asian and Pacific Studies
|